000 00910nam a22002897a 4500
001 000406
003 DO-SdBNP
005 20180124100154.0
007 000406
008 160720b 1960 sp ||||| |||| 00| 0 spa d
020 _a8430571604
020 _a9788430571604
040 _aBPMSU
_bspa
_cBPMSU
092 _axxxxx
_bxxxxx
100 1 _aBlyton, Enid,
_d1897-1968.
245 1 0 _aLa familia de la playa ; La familia de la granja "Botón de Oro" ; La familia del "Saucy Jane" ; La familia del Pole Star /
_cEnid Blyton.
260 _aMadrid :
_bSusaeta,
_c1960.
300 _a248 p. :
_bil. ;
_c20 cm.
490 1 _aEnid Blyton
_v12
740 1 0 _a La familia de la granja "Botón de Oro"
740 1 0 _aLa familia del "Saucy Jane"
740 1 0 _aLa familia del Pole Star
830 0 _aEnid Blyton
_v12
942 _2ddc
_cBK
945 _aInventariado, 2018 / YL
956 _aLOPEREZ
_b10
_cBPMSU
999 _c10972
_d10972